[Event "ROM-ch (Women)"]
[Site "Sarata Monteoru"]
[Date "2012.02.21"]
[Round "9"]
[White "Stanciu, Ioana Georgiana"]
[Black "Bratu, Andreea"]
[Result "1-0"]
[WhiteElo "1697"]
[BlackElo "1787"]
[PlyCount "73"]
[EventDate "2012.02.13"]
[EventType "swiss"]
[EventRounds "9"]
[EventCountry "ROU"]
[SourceTitle "CBM 147 Extra"]
[Source "ChessBase"]
[SourceDate "2012.04.24"]
[SourceVersion "1"]
[SourceVersionDate "2012.04.24"]
[SourceQuality "1"]

1. e4 c5 2. Nf3 d6 3. d4 cxd4 4. Nxd4 Nf6 5. Nc3 a6 6. f4 e6 7. Qf3 Qc7 8. Be3 b5 9. Bd3 Bb7 10. g4 h6 11. 0-0-0 Nbd7 12. g5 hxg5 13. fxg5 Ne5 14. Qg2 Nfg4 15. Bg1 b4 16. Nce2 Nxd3+ 17. Rxd3 Ne5 18. Rd1 d5 19. Ng3 Be7 20. h4 Rxh4 21. Be3 Rxh1 22. Rxh1 0-0-0 23. Rh7 Nc4 24. Qf2 Nxe3 25. Qxe3 Bc5 26. e5 Qb6 27. Nge2 Rg8 28. Qf4 Qc7 29. g6 f6 30. Nxe6 Qb6 31. N6d4 Bxd4 32. Nxd4 Kd8 33. Qh4 Bc8 34. Rh8 Be6 35. exf6 gxf6 36. Qxf6+ Ke8 37. Rxg8+ 1-0

[Event "ROM-ch (Women)"]
[Site "Sarata Monteoru"]
[Date "2012.02.18"]
[Round "6"]
[White "Bratu, Andreea"]
[Black "Visanescu, Daria Ioana"]
[Result "0-1"]
[WhiteElo "1787"]
[BlackElo "2047"]
[PlyCount "66"]
[EventDate "2012.02.13"]
[EventType "swiss"]
[EventRounds "9"]
[EventCountry "ROU"]
[SourceTitle "CBM 147 Extra"]
[Source "ChessBase"]
[SourceDate "2012.04.24"]
[SourceVersion "1"]
[SourceVersionDate "2012.04.24"]
[SourceQuality "1"]

1. e4 c5 2. Nf3 d6 3. d4 cxd4 4. Nxd4 Nf6 5. Nc3 a6 6. Bg5 Nbd7 7. Bc4 Qb6 8. Bb3 e6 9. Qd2 Be7 10. 0-0-0 Nc5 11. Rhe1 Qc7 12. f4 h6 13. Bxf6 Bxf6 14. Nf3 Be7 15. f5 Nxb3+ 16. axb3 0-0 17. f6 Bxf6 18. Qxd6 Qxd6 19. Rxd6 b5 20. e5 Be7 21. Rd3 Bb7 22. Ne4 Rfd8 23. Nd6 Bd5 24. Ne4 Rac8 25. Kb1 Rc7 26. Nc3 Rdc8 27. Re2 Bb7 28. h3 Bb4 29. Na2 Bc5 30. Nc3 Be7 31. Nd1 a5 32. Nf2 b4 33. Nd1 Ba6 0-1

[Event "ROM-ch (Women)"]
[Site "Sarata Monteoru"]
[Date "2012.02.16"]
[Round "4"]
[White "Bratu, Andreea"]
[Black "Cirlig, Ioana Andreea"]
[Result "1-0"]
[WhiteElo "1787"]
[BlackElo "1665"]
[PlyCount "155"]
[EventDate "2012.02.13"]
[EventType "swiss"]
[EventRounds "9"]
[EventCountry "ROU"]
[SourceTitle "CBM 147 Extra"]
[Source "ChessBase"]
[SourceDate "2012.04.24"]
[SourceVersion "1"]
[SourceVersionDate "2012.04.24"]
[SourceQuality "1"]

1. e4 c6 2. d4 d5 3. e5 Bf5 4. Nc3 e6 5. g4 Bg6 6. Nge2 h6 7. Nf4 Bh7 8. Be3 Nd7 9. Bd3 Bxd3 10. Nxd3 Qc7 11. f4 c5 12. dxc5 Bxc5 13. Nxc5 Nxc5 14. Qd4 Nd7 15. Qa4 Qc6 16. Nb5 Kd8 17. 0-0-0 a6 18. Nc3 Ne7 19. Rd2 b5 20. Qa5+ Kc8 21. Rhd1 h5 22. Qb4 Re8 23. h3 hxg4 24. hxg4 Qc7 25. Ne4 Kd8 26. Nd6 Rf8 27. Qa3 Qb8 28. Qa5+ Qc7 29. Qa3 Qb8 30. Bf2 Ng6 31. Bg3 Qa7 32. Qa5+ Qc7 33. Qxc7+ Kxc7 34. Rh1 f6 35. exf6 gxf6 36. f5 Nge5 37. fxe6 Kxd6 38. exd7 Ke6 39. Bxe5 Kxe5 40. Rh5+ Ke6 41. Rhxd5 Ke7 42. Re2+ Kd8 43. Re6 Ra7 44. Rdd6 a5 45. Rxf6 Rxf6 46. Rxf6 Rxd7 47. Rf5 Rb7 48. a4 bxa4 49. Rxa5 Rb4 50. g5 Ke7 51. Ra7+ Kf8 52. g6 Kg8 53. Kb1 Kf8 54. Ka2 Rc4 55. c3 Rg4 56. g7+ Kg8 57. Ka3 Rg2 58. Rc7 Rg4 59. c4 Rg2 60. Rb7 Rc2 61. Rb4 Kxg7 62. Kxa4 Kf6 63. Rb6+ Ke7 64. b3 Kd7 65. Kb5 Rg2 66. b4 Rg5+ 67. c5 Kc7 68. Rh6 Rg7 69. Ra6 Rg4 70. Ra7+ Kb8 71. Re7 Kc8 72. c6 Kd8 73. Rh7 Kc8 74. Kc5 Rg6 75. Kb6 Kd8 76. b5 Rf6 77. Kb7 Rf5 78. c7+ 1-0

[Event "ROM-chT (Women)"]
[Site "Brasov"]
[Date "2011.10.09"]
[Round "2.3"]
[White "Visanescu, Daria Ioana"]
[Black "Bratu, Andreea"]
[Result "1-0"]
[WhiteElo "2010"]
[BlackElo "1802"]
[PlyCount "85"]
[EventDate "2011.10.08"]
[EventType "team-tourn"]
[EventRounds "9"]
[EventCountry "ROU"]
[SourceTitle "CBM 144 Extra"]
[Source "ChessBase"]
[SourceDate "2011.10.28"]
[SourceVersion "1"]
[SourceVersionDate "2011.10.28"]
[SourceQuality "1"]
[WhiteTeam "Timisoara Medicina (W)"]
[BlackTeam "Craiova Oltenia (W)"]
[WhiteTeamCountry "ROU"]
[BlackTeamCountry "ROU"]

1. e4 c5 2. c3 Nf6 3. e5 Nd5 4. d4 cxd4 5. Nf3 Nc6 6. cxd4 e6 7. Bc4 Nb6 8. Bb3 Be7 9. Nc3 d5 10. 0-0 0-0 11. a3 f6 12. exf6 Bxf6 13. Re1 a6 14. Bc2 Nc4 15. b4 b5 16. Qd3 g6 17. Bh6 Bg7 18. Bxg7 Kxg7 19. h4 Qf6 20. Re2 Bd7 21. Bb3 Rad8 22. Bxc4 dxc4 23. Qe3 Qf4 24. Rd1 Bc8 25. Ne4 Qxe3 26. Rxe3 Rfe8 27. Nc5 Rd5 28. Kf1 h6 29. Ke2 Kf7 30. g3 Red8 31. Re4 Kf6 32. Rf4+ Kg7 33. Re4 R8d6 34. Rd2 g5 35. hxg5 hxg5 36. Rg4 Kg6 37. Ne4 Rd8 38. Nexg5 Kf6 39. Rf4+ Kg6 40. Nf7 Rf8 41. N7e5+ Rxe5+ 42. Nxe5+ Nxe5 43. Rxf8 1-0

[Event "ROM-ch U14 Girls"]
[Site "Voineasa"]
[Date "2008.04.12"]
[Round "6"]
[White "Bratu, Andreea"]
[Black "Serbanescu, Diana Maria"]
[Result "1-0"]
[WhiteElo "666"]
[BlackElo "1806"]
[PlyCount "87"]
[EventDate "2008.04.08"]
[EventType "swiss"]
[EventRounds "9"]
[EventCountry "ROU"]
[SourceTitle "EXT 2013"]
[Source "ChessBase"]
[SourceDate "2012.11.22"]
[SourceVersion "1"]
[SourceVersionDate "2012.11.22"]
[SourceQuality "1"]

1. e4 e5 2. Nf3 Nc6 3. Bc4 Be7 4. c3 Nf6 5. Qc2 d6 6. d4 0-0 7. d5 Nb8 8. Bd3 Nbd7 9. b4 Re8 10. 0-0 Nf8 11. h3 Ng6 12. Be3 Bd7 13. a4 a6 14. Rc1 Nh5 15. Nbd2 Qc8 16. Bf1 f5 17. Bg5 f4 18. Bxe7 Rxe7 19. c4 Qe8 20. c5 b6 21. cxd6 cxd6 22. Qb3 Qb8 23. Rc2 Re8 24. Rac1 Ra7 25. b5 axb5 26. Bxb5 Bxb5 27. axb5 Ne7 28. Ng5 Nf6 29. Ne6 Nd7 30. Ra2 Nc5 31. Nxc5 bxc5 32. Rxa7 Qxa7 33. b6 Qb7 34. Nc4 Nc8 35. Rb1 Qb8 36. Qb5 Kf8 37. b7 Na7 38. Qb6 Re7 39. Na5 Kf7 40. Kf1 h6 41. Ke2 Ke8 42. Nc6 Nxc6 43. dxc6 Kf7 44. Ra1 1-0